Rananitik vyavasthapan tatha vyavasayik vatavaran (Record no. 81240)
[ view plain ]
| 000 -LEADER | |
|---|---|
| fixed length control field | 00625nam a22002177a 4500 |
| 008 - FIXED-LENGTH DATA ELEMENTS--GENERAL INFORMATION | |
| fixed length control field | 170816b xxu||||| |||| 00| 0 eng d |
| 020 ## - INTERNATIONAL STANDARD BOOK NUMBER | |
| International Standard Book Number | 978-9937-2658-7-4 |
| 041 ## - LANGUAGE CODE | |
| Language code of text/sound track or separate title | Nep. |
| 082 ## - DEWEY DECIMAL CLASSIFICATION NUMBER | |
| Classification number | N658.4012/A565r |
| 100 ## - MAIN ENTRY--PERSONAL NAME | |
| Personal name | Adhikari, Devraj |
| 245 ## - TITLE STATEMENT | |
| Title | Rananitik vyavasthapan tatha vyavasayik vatavaran |
| 260 ## - PUBLICATION, DISTRIBUTION, ETC. | |
| Place of publication, distribution, etc. | Bhaktapur: |
| Name of publisher, distributor, etc. | Binita Shrestha, |
| Date of publication, distribution, etc. | 2070BS |
| 300 ## - PHYSICAL DESCRIPTION | |
| Extent | 561p. |
| 504 ## - BIBLIOGRAPHY, ETC. NOTE | |
| Bibliography, etc. note | Bibliography:p. 559-561 |
| 650 ## - SUBJECT ADDED ENTRY--TOPICAL TERM | |
| Topical term or geographic name entry element | Strategic planning |
| 650 ## - SUBJECT ADDED ENTRY--TOPICAL TERM | |
| Topical term or geographic name entry element | Strategic management |
| 9 (RLIN) | 10260 |
| 650 ## - SUBJECT ADDED ENTRY--TOPICAL TERM | |
| Topical term or geographic name entry element | Business environment |
| 9 (RLIN) | 10287 |
| 650 ## - SUBJECT ADDED ENTRY--TOPICAL TERM | |
| Topical term or geographic name entry element | Strategic control |
| 700 ## - ADDED ENTRY--PERSONAL NAME | |
| Personal name | Shrestha, Prakash |
| 942 ## - ADDED ENTRY ELEMENTS (KOHA) | |
| Source of classification or shelving scheme | Dewey Decimal Classification |
| Koha item type | General Collections |
| Withdrawn status | Lost status | Source of classification or shelving scheme | Damaged status | Not for loan | Home library | Current library | Shelving location | Date acquired | Total Checkouts | Total Renewals | Full call number | Barcode | Date last seen | Date last checked out | Price effective from | Koha item type |
|---|---|---|---|---|---|---|---|---|---|---|---|---|---|---|---|---|
| Dewey Decimal Classification | Tribhuvan University Central Library | Tribhuvan University Central Library | New Building | 08/16/2017 | 3 | 4 | N658.4012/A565r | G78497 | 09/30/2024 | 08/14/2024 | 08/16/2017 | General Collections | ||||
| Dewey Decimal Classification | Tribhuvan University Central Library | Tribhuvan University Central Library | New Building | 08/16/2017 | N658.4012/A565r | G78498 | 08/16/2017 | 08/16/2017 | General Collections | |||||||
| Dewey Decimal Classification | Tribhuvan University Central Library | Tribhuvan University Central Library | New Building | 08/16/2017 | 3 | N658.4012/A565r | G78499 | 10/22/2024 | 07/26/2024 | 08/16/2017 | General Collections | |||||
| Dewey Decimal Classification | Tribhuvan University Central Library | Tribhuvan University Central Library | New Building | 08/16/2017 | N658.4012/A565r | G78500 | 08/16/2017 | 08/16/2017 | General Collections |
